[Event "GRE-ch (Women)"]
[Site "Volos"]
[Date "1996.??.??"]
[Round "10"]
[White "Botsari Miladinovic, Anna Maria"]
[Black "Kouvatsou, Maria"]
[Result "1-0"]
[WhiteElo "2335"]
[BlackElo "2120"]

1.d4 Nf6 2.Bg5 g6 3.Bxf6 exf6 4.e3 Bg7 5.h4 h5 6.c4 d6 7.Nc3 Nd7 8.Nf3 c6
9.g3 O-O 10.Bg2 Nb6 11.b3 Bg4 12.O-O Re8 13.Re1 Nd7 14.Qd3 Bxf3 15.Bxf3 f5
16.b4 Nf6 17.b5 Qd7 18.Rab1 Re7 19.Re2 Rae8 20.bxc6 bxc6 21.Reb2 Ne4 22.Rb7 Qxb7
23.Rxb7 Rxb7 24.Bxe4 fxe4 25.Nxe4 Rd8 26.Qa3 Bf8 27.Qa6 Rc7 28.Qa5 Rdc8 29.Nf6+ Kh8
30.Qg5 Bg7 31.g4 hxg4 32.Nxg4 f5 33.Nh2 Bf8 34.Nf3 Rg7 35.Qh6+ Rh7 36.Qf4 Be7
37.c5 dxc5 38.Qe5+ Rg7 39.dxc5 Rd8 40.Qe6 Rd5 41.Qc8+ Rg8 42.Qe6 Rg7 43.Kf1 Rxc5
44.Ne5 Kh7 45.h5 gxh5 46.Qxf5+ Kg8 47.Qxh5 Rc1+ 48.Ke2 c5 49.Ng4 Rg1 50.Nh6+ Kh8
51.Qe8+ Kh7 52.Nf5 Bf6 53.Qh5+ Kg8 54.Nxg7 Rxg7 55.Qxc5 Rf7 56.f4 Bd8 57.Qc8 Rf8
58.Qe6+ Rf7 59.Qe8+ Rf8 60.Qg6+ Kh8 61.Qd6 Kg8 62.Qd5+  1-0

[Event "AUT-chT9697"]
[Site "Vorarlberg"]
[Date "1996.??.??"]
[Round "?"]
[White "Heinritz, Dietmar"]
[Black "Haemmerle, Gernot"]
[Result "1-0"]
[WhiteElo "1755"]
[BlackElo "1840"]

1.d4 Nf6 2.Bg5 d5 3.Bxf6 exf6 4.e3 Bd6 5.Bd3 O-O 6.Qf3 Re8 7.c3 c6 8.Nd2 Be6
9.Ne2 Nd7 10.Ng3 Qb6 11.Rb1 Qa5 12.Nf5 Bxf5 13.Qxf5 Nf8 14.a3 Re6 15.h4 Rae8
16.h5 Qc7 17.Rh3 Qe7 18.Qf3 c5 19.Bf5 cxd4 20.cxd4 Qd7 21.Qxd5 Rxe3+ 22.Rxe3 Rxe3+
23.Kf1 Re6 24.Ne4 Bf4 25.Qxd7 Nxd7 26.Bxe6 fxe6 27.Nc5 Nxc5 28.dxc5 Kf7 29.Rd1 Ke7
30.Rd4 Bc7 31.Rb4 b6 32.a4 Ke8 33.Rg4 Kf8 34.c6 e5 35.b4 f5 36.Rc4 a5 37.bxa5 bxa5
38.Rc5 g6 39.Rd5 Ke8 40.h6  1-0

[Event "Warsaw op (Women)"]
[Site "Warsaw"]
[Date "1996.??.??"]
[Round "5"]
[White "Gagloshvili, Raissa"]
[Black "Blazkova, Petra"]
[Result "1/2-1/2"]
[WhiteElo "2215"]
[BlackElo "2180"]

1.d4 Nf6 2.Bg5 c5 3.dxc5 Ne4 4.Be3 e6 5.g3 Nc6 6.Bg2 Nxc5 7.c4 Be7 8.Nf3 O-O
9.O-O b6 10.Nc3 Bb7 11.Rb1 d6 12.Qd2 Qe8 13.Nb5 Rd8 14.b4 Ne4 15.Qc2 f5 16.Nd2 Nxd2
17.Qxd2 Rd7 18.Bxc6 Bxc6 19.Nd4 Be4 20.Nxe6 Rf6 21.Ng5 Bxb1 22.Qd5+ Kh8 23.Rxb1 Bd8
24.Rd1 Re7 25.Bd4 Rf8 26.Qxd6 Qg6 27.Qxg6 hxg6 28.e3 Ree8 29.Nf3 Bf6 30.c5 bxc5
31.Bxc5 Be7 32.Bxa7 Bxb4 33.Rb1 Bc3 34.Rb7 Bf6 35.a4 Re7 36.Rxe7 Bxe7 37.Bb6 Bd8
38.Bc5 Rf6 39.Ne5 Bc7 40.Nd7 Ra6 41.Bd4 Rxa4 42.Nc5 Rc4 43.Ne6 Kg8 44.Nxc7 Rxc7
45.h4 Kf7 46.Kg2 Ke6 47.Kf3 Kd5 48.Kf4 Ke6 49.Kf3  1/2-1/2

[Event "Wattens op"]
[Site "Wattens"]
[Date "1996.??.??"]
[Round "1"]
[White "Hechl, Gerald"]
[Black "Gruber, Michael"]
[Result "1-0"]
[WhiteElo "2230"]
[BlackElo "1735"]

1.d4 d5 2.Bg5 Nf6 3.Nd2 c5 4.e3 Nc6 5.c3 Bf5 6.dxc5 e5 7.b4 d4 8.cxd4 exd4
9.e4 Bd7 10.Ngf3 Nxb4 11.Bc4 Qa5 12.Ne5 Ba4 13.Bxf7+ Ke7 14.Bb3 Bxb3 15.Qxb3 Qxc5
16.Qf7+ Kd6 17.Ndc4+  1-0

[Event "Wattens op"]
[Site "Wattens"]
[Date "1996.??.??"]
[Round "8"]
[White "Weiss, Christian"]
[Black "Thoeny, Hermann"]
[Result "1/2-1/2"]
[WhiteElo "2335"]
[BlackElo "2080"]

1.d4 Nf6 2.Bg5 c5 3.Bxf6 gxf6 4.d5 d6 5.c3 Bh6 6.Nd2 f5 7.e3 O-O 8.Nh3 e5
9.f4 exf4 10.exf4 Re8+ 11.Be2 Qh4+ 12.Kf1 Bxf4 13.Nf3 Qh6 14.Qa4 Re4 15.Qc2 Nd7
16.Bd3 Re3 17.Bxf5 Nb6 18.Bxc8 Rxc8 19.Qf5 Be5 20.Kf2 Re8 21.Rhe1 Bf6 22.Nf4 Nc4
23.Nh5 Bg7 24.Nxg7 Qxg7 25.b3 Nb6 26.Rxe3 Rxe3 27.Kxe3 Qxc3+ 28.Kf2 Qb2+
29.Ke3 Qxa1 30.Qg5+ Qg7 31.Qd8+ Qf8 32.Qg5+ Qg7 33.Qd8+ Qf8  1/2-1/2

[Event "Werfen op-A"]
[Site "Werfen"]
[Date "1996.??.??"]
[Round "2"]
[White "Navratil, Robert"]
[Black "Ziger, Silvestar"]
[Result "1/2-1/2"]
[WhiteElo "1985"]
[BlackElo "2305"]

1.d4 Nf6 2.Bg5 g6 3.Nd2 Bg7 4.e3 O-O 5.c3 d5 6.Bd3 Nbd7 7.f4 c5 8.Ngf3 Qb6
9.Qb1 Ng4 10.Nf1 cxd4 11.exd4 f6 12.h3 Nh6 13.Bxh6 Bxh6 14.h4 Bxf4 15.Bxg6 e5
16.Bxh7+ Kh8 17.Qg6 Qxb2 18.Qh5 Kg7 19.Qg6+ Kh8 20.Qh5  1/2-1/2

[Event "Owens Corning"]
[Site "Wrexham"]
[Date "1996.??.??"]
[Round "?"]
[White "Karlsson, Lars"]
[Black "Martinovsky, Eugene"]
[Result "1/2-1/2"]
[WhiteElo "2470"]
[BlackElo "2260"]

1.d4 Nf6 2.Bg5 d5 3.Bxf6 exf6 4.e3 Be6 5.Nf3 Bd6 6.Bd3 f5 7.Qe2 O-O 8.c4 c6
9.Nc3 Re8 10.O-O Nd7 11.Qc2 g6 12.Qb3 dxc4 13.Bxc4 Bxc4 14.Qxc4 Qe7 15.Rfe1 Nf6
16.Rad1 Rac8 17.Qa4 a6 18.Qb3 Kg7 19.Na4 Bb4 20.Rf1 b5 21.Nc3 Bxc3 22.Qxc3 Ne4
23.Qa5 Qc7 24.Qa3 Qd6 25.Qxd6 Nxd6 26.g3 Ne4 27.Rd3 c5 28.Ra3 Re6 29.dxc5 Rxc5
30.Nd4 Rd6 31.Rd3 Kf8 32.Rfd1 h5 33.f3 Ng5 34.h4 Ne6 35.Kf2 Ke8 36.Ke2 Kf8
37.b4 Rc4 38.a3 Rc8 39.Kd2 Rc4 40.Ke2 Rc8 41.Nxe6+ Rxe6 42.Rd8+ Rxd8 43.Rxd8+ Ke7
44.Ra8 Rd6 45.e4 fxe4 46.fxe4 Ke6 47.Ke3 Rc6 48.Kf4 Kf6 49.Ra7 Ke6 50.Ra8  1/2-1/2

[Event "Oberliga Wuert9596"]
[Site "Wuerttemberg"]
[Date "1996.??.??"]
[Round "?"]
[White "Dausch, Rene"]
[Black "Doerflinger, Josef"]
[Result "1-0"]
[WhiteElo "2295"]
[BlackElo "2295"]

1.d4 Nf6 2.Bg5 c5 3.Bxf6 gxf6 4.d5 Qb6 5.b3 Bg7 6.c3 f5 7.e3 Na6 8.Bd3 Qf6
9.Qf3 Nb4 10.cxb4 cxb4 11.Ne2 Qxa1 12.O-O Qxa2 13.Qxf5 Qxb3 14.Nd2 Qb2 15.Ne4 Qe5
16.Qg4 h5 17.Qh4 a5 18.d6 Bf6 19.Qh3 a4 20.Nd4 a3 21.f4 Qd5 22.Qf3 Kf8 23.dxe7+ Bxe7
24.f5 a2 25.Ra1 Ra3 26.f6 Bd8 27.Qg3 Rg8 28.Qb8 Rc3  1-0

[Event "Wuerzburg op"]
[Site "Wuerzburg"]
[Date "1996.??.??"]
[Round "5.7"]
[White "Hauke, Christian"]
[Black "Kogan, Artur"]
[Result "0-1"]
[WhiteElo "2250"]
[BlackElo "2495"]

1.d4 Nf6 2.Bg5 c5 3.d5 Ne4 4.Bf4 Qb6 5.Nd2 Nxd2 6.Bxd2 Qxb2 7.e4 Na6 8.Rb1 Qxa2
9.Qc1 Qa4 10.f3 Nc7 11.Ra1 Qd4 12.Ne2 Qf6 13.c4 e5 14.dxe6 dxe6 15.Bg5 Qg6
16.Qf4 f6 17.Qxc7 fxg5 18.Nc3 Be7 19.Na4 g4 20.Be2 Qf7 21.O-O Bf6 22.Qxf7+ Kxf7
23.fxg4 Ke7 24.Ra3 Bd7 25.g3 Bc6 26.Bf3 Rhd8 27.g5 Be5 28.Kg2 Rd2+ 29.Kh3 b6
30.Nc3 Rc2  0-1

[Event "Yerevan ol (Women)"]
[Site "Yerevan"]
[Date "1996.??.??"]
[Round "1"]
[White "Oney, Fatmanur"]
[Black "Koshnitsky, Ngan Phan"]
[Result "0-1"]
[WhiteElo "2005"]
[BlackElo "2085"]

1.d4 Nf6 2.Bg5 g6 3.Bxf6 exf6 4.Nf3 Bg7 5.e3 O-O 6.Bd3 d6 7.O-O f5 8.c4 Nd7
9.Nc3 Nf6 10.Rb1 Re8 11.Qc2 b6 12.Rfe1 Bb7 13.d5 Ng4 14.Ne2 c6 15.dxc6 Bxc6
16.Ned4 Bb7 17.Rbd1 Rc8 18.Nxf5 gxf5 19.Bxf5 Bxf3 20.gxf3 Ne5 21.Bxh7+ Kh8
22.Qf5 Qh4  0-1

[Event "Yerevan ol (Women)"]
[Site "Yerevan"]
[Date "1996.??.??"]
[Round "1"]
[White "Berntsen, Sheila Barth"]
[Black "Voiska, Margarita"]
[Result "1/2-1/2"]
[WhiteElo "2115"]
[BlackElo "2305"]

1.d4 Nf6 2.Bg5 d5 3.Bxf6 exf6 4.g3 Bd6 5.Bg2 O-O 6.e3 c6 7.Ne2 Bf5 8.Nd2 Qd7
9.Nf4 Bxf4 10.gxf4 Na6 11.O-O Nc7 12.Rc1 Rfe8 13.Qf3 Qe7 14.c3 a5 15.Kh1 Nb5
16.Rg1 Nd6 17.c4 dxc4 18.Nxc4 Nxc4 19.Rxc4 Be6 20.Rc5 f5 21.a3 Ra6 22.Qe2 a4
23.Rgc1 Rd8 24.Kg1 h6 25.Qh5 Qf6 26.Bh3 Qg6+ 27.Qxg6 fxg6 28.Bf1 Rb6 29.R1c2 Kf8
30.Bc4 Bxc4 31.R5xc4 Ra8 32.Rc5 Ke7 33.Kf1 Kd6 34.Ke1 Rb3 35.Kd2 Ra6 36.Kc1 Ke6
37.Re5+ Kf6 38.h4 Rd3 39.Rc4 Rb3 40.Rcc5 Rab6 41.Rc2 R3b5 42.Re8 Ra5 43.Rf8+ Ke7
44.Rc8 Kf6 45.Rc7 Rd5  1/2-1/2

[Event "Yerevan ol (Men)"]
[Site "Yerevan"]
[Date "1996.??.??"]
[Round "1"]
[White "Ramos, Domingo"]
[Black "Akesson, Ralf"]
[Result "0-1"]
[WhiteElo "2330"]
[BlackElo "2500"]

1.d4 Nf6 2.Bg5 d5 3.Nd2 Nbd7 4.e3 e5 5.Ngf3 Bd6 6.dxe5 Nxe5 7.Be2 O-O 8.O-O h6
9.Bh4 Ng6 10.Bg3 Bxg3 11.hxg3 c5 12.c4 Be6 13.Qc2 Qe7 14.Bd3 dxc4 15.Nxc4 Bxc4
16.Bxc4 Ne5 17.Nxe5 Qxe5 18.Rad1 Rad8 19.Rxd8 Rxd8 20.Be2 g6 21.Rd1 Rxd1+
22.Bxd1 b5 23.Be2 c4 24.a4 a6 25.axb5 axb5 26.Qd2 Ne4 27.Qb4 Qc5 28.Qa5 Kg7
29.Bf3 b4 30.Qa4 Nd2 31.Qc2 Nxf3+ 32.gxf3 c3 33.b3 Qd5 34.Kg2 h5 35.Qa2 Qc5
36.Qc2 Qc6 37.e4 Qd6 38.Qe2 Qc5 39.Qc2 Qd4 40.Qe2 Qc5 41.Qc2 Qd6 42.Qe2 h4
43.gxh4 Qc7 44.Qc2 Qf4 45.Qd3 Qxh4 46.Kf1 Qh1+ 47.Ke2 Qc1 48.Qd4+ Kh7 49.e5 Qc2+
50.Kf1 Qb1+ 51.Ke2 Qa2+ 52.Kf1 Qa6+ 53.Ke1 Qc8 54.Kd1 Qf5 55.Ke2 Qc8 56.Kd1 Qa6
57.Ke1 g5 58.Qxb4 Qa1+ 59.Ke2 Qb2+ 60.Ke3 c2  0-1

[Event "Yerevan ol (Men)"]
[Site "Yerevan"]
[Date "1996.??.??"]
[Round "1"]
[White "Djurhuus, Rune"]
[Black "Sousa, Armindo"]
[Result "1-0"]
[WhiteElo "2505"]
[BlackElo "2230"]

1.d4 Nf6 2.Bg5 g6 3.Nd2 Bg7 4.e4 d6 5.Bd3 O-O 6.Ngf3 Nc6 7.h3 Nd7 8.c3 Qe8
9.Qe2 e5 10.d5 Ne7 11.g4 Nc5 12.Bc2 a5 13.O-O-O f5 14.gxf5 gxf5 15.Rdg1 Kh8
16.Nh4 f4 17.Rh2 Ng8 18.Rhg2 Bf6 19.Ndf3 Qh5 20.Bxf6+ Nxf6 21.Rg7 Bd7 22.R7g5 Qh6
23.Nf5 Bxf5 24.Rxf5 Rg8 25.Ng5 Rg7 26.h4 Rag8 27.Qf3 Qg6 28.Qh3 h6 29.Nf3 Qf7
30.Re1 Qe7 31.h5 Ncd7 32.Nh4 Nf8 33.Bd1 Rg1 34.Rxg1 Rxg1 35.Qh2 Rg7 36.Bf3 Kg8
37.b3 c6 38.dxc6 bxc6 39.Kb2 Ng4 40.Bxg4 Rxg4 41.Ng6 Nxg6 42.hxg6 Rxg6 43.Qh3 Kg7
44.Rh5 Qa7 45.Qf3 a4 46.Rh1 axb3 47.axb3 Qd7 48.Rd1 c5 49.Ra1 Qg4 50.Qxg4 Rxg4
51.b4 cxb4 52.cxb4 Kf6 53.b5 Ke7 54.Kc3 f3 55.Kd3 d5 56.exd5 Rd4+ 57.Ke3 Rxd5
58.Rb1 Kd7 59.b6 Kc8 60.Kxf3 Kb7 61.Ke4 Rc5 62.f3 Ra5 63.Rh1 Kxb6 64.Rxh6+ Kc7
65.Re6 Kd7 66.Rxe5 Ra3 67.Kf4 Ra1 68.Kg5 Rf1 69.f4 Ra1 70.f5 Kd8 71.Kg6 Kd7
72.f6 Rg1+ 73.Kf7 Rd1 74.Kf8 Rf1 75.f7 Rf2 76.Re7+ Kd8 77.Re4 Rd2 78.Rg4  1-0

[Event "Yerevan ol (Men)"]
[Site "Yerevan"]
[Date "1996.??.??"]
[Round "2"]
[White "Djurhuus, Rune"]
[Black "Kotronias, Vasilios"]
[Result "1-0"]
[WhiteElo "2505"]
[BlackElo "2615"]

1.d4 Nf6 2.Bg5 c5 3.Bxf6 gxf6 4.d5 Bg7 5.c3 d6 6.e3 f5 7.Nd2 Nd7 8.Ne2 Nf6
9.Nf4 O-O 10.a4 e5 11.dxe6 fxe6 12.Nf3 d5 13.Be2 Qd6 14.c4 d4 15.Qb3 e5 16.Nd5 d3
17.Bd1 Be6 18.Qxd3 Nxd5 19.Qd2 Rad8 20.cxd5 Bxd5 21.Qc2 e4 22.Nd2 f4 23.O-O Qg6
24.exf4 Rxf4 25.Ra3 Kh8 26.Rg3 Qc6 27.Be2 Bd4 28.Nc4 Qf6 29.Ne3 Be6 30.b3 Rf8
31.Bc4 Bc8 32.Qe2 Qe5 33.h3 h5 34.Kh1 Kh7 35.Nd1 h4 36.Re3 R8f5 37.Re1 Bxe3
38.fxe3 Rf3 39.gxf3 Rxf3 40.Nf2 Bxh3 41.Rg1 Bf5 42.Qd2 Qf6 43.Qd5 Rxe3 44.Qg8+ Kh6
45.Ng4+ Bxg4 46.Qxg4 Qf3+ 47.Kh2 Qf6 48.Be2 Rg3 49.Rxg3 hxg3+ 50.Kxg3 Qc3+
51.Kf4 Qxb3 52.Qg5+ Kh7 53.Qe7+ Kg8 54.Qe8+ Kg7 55.Qe5+ Kg8 56.Bh5 e3 57.Kg5 e2
58.Kh6  1-0

[Event "Yerevan ol (Men)"]
[Site "Yerevan"]
[Date "1996.??.??"]
[Round "4"]
[White "Fernandes, Antonio"]
[Black "Pinter, Jozsef"]
[Result "1/2-1/2"]
[WhiteElo "2410"]
[BlackElo "2560"]

1.d4 Nf6 2.Bg5 d5 3.Bxf6 exf6 4.e3 Bd6 5.c4 dxc4 6.Bxc4 O-O 7.Nf3 c6 8.O-O Qe7
9.Nbd2 Nd7 10.Qc2 g6 11.Rfe1 Nb6 12.Bb3 Bd7 13.e4 Bf4 14.h3 Rae8 15.Rad1 Qb4
16.a3 Qa5 17.Qc5 Qa6 18.Nc4 Nxc4 19.Bxc4 Qb6 20.Qxb6 axb6 21.e5 b5 22.Bb3 fxe5
23.dxe5 Bc8 24.Rd4 Bh6 25.Rh4 Bg7 26.a4 bxa4 27.Rxa4 Re7 28.Ng5 h6 29.e6 fxe6
30.Nxe6 Kh8 31.Re3 Bxe6 32.Rxe6 Rxe6 33.Bxe6 Re8 34.Bg4 h5 35.Bf3 Bxb2 36.Rb4 Re1+
37.Kh2 Be5+ 38.g3 c5 39.Re4 Rxe4 40.Bxe4 b5 41.Bxg6 h4 42.Kg2 hxg3 43.fxg3  1/2-1/2

[Event "ARM-ch"]
[Site "Yerevan"]
[Date "1996.??.??"]
[Round "7"]
[White "Lputian, Smbat G"]
[Black "Movsesian, Sergei"]
[Result "0-1"]
[WhiteElo "2580"]
[BlackElo "2580"]

1.d4 Nf6 2.Bg5 c5 3.Bxf6 gxf6 4.d5 Qb6 5.Qc1 f5 6.c4 Na6 7.Nc3 Nc7 8.e3 Qf6
9.Bd3 e6 10.Nge2 b5 11.Nf4 b4 12.Nce2 Bb7 13.a3 h5 14.h4 e5 15.Nh3 e4 16.Bc2 bxa3
17.Rxa3 Qxh4 18.Qa1 Rh6 19.Ng3 Qf6 20.Rxa7 h4 21.Ne2 Rb8 22.O-O Bd6 23.b3 Be5
24.Qa4 Na6 25.f4 Bc7 26.Qa1 Nb4 27.Qxf6 Rxf6 28.Rc1 Ke7 29.Bd1 Bb6 30.Ra4 Rg8
31.Ng5 Nd3 32.Rc3 Rfg6 33.g3 hxg3 34.Nc1 Nb2 35.Bh5 Nxa4 36.bxa4 Ba5 37.Rb3 Rb6
38.Nxf7 Ba6 39.Rxb6 Bxb6 40.Ne5 Rb8 41.Ne2 Rg8 42.Bg6 d6 43.Nc6+ Kf6 44.Bxf5 Bxc4
45.Nc3 Kxf5 46.Ne7+ Kg4 47.Nxg8 Kf3 48.Nf6 Bd3 49.Nh7 Kxe3 50.f5 Kd2 51.f6 Bd8
52.f7 Be7 53.Nxe4+ Bxe4 54.Nf6 Bxf6  0-1

[Event "Yerevan op"]
[Site "Yerevan"]
[Date "1996.??.??"]
[Round "7"]
[White "Yegiazarian, Arsen"]
[Black "Kashashvili, Alexandre"]
[Result "1/2-1/2"]
[WhiteElo "2455"]
[BlackElo "2255"]

1.d4 Nf6 2.Bg5 d5 3.Nf3 e6 4.e3 Be7 5.Bd3 O-O 6.Nbd2 Nbd7 7.c3 b6 8.Ne5 Nxe5
9.dxe5 Nd7 10.Bxe7 Qxe7 11.f4 Nc5 12.Be2 Ba6 13.Bxa6 Nxa6 14.O-O Rfd8 15.Qc2 Nc5
16.Rae1 a5 17.Re2 Qd7 18.Nf3 Qa4 19.Qb1 Qe4 20.Qe1 Qd3 21.Rd2 Qc4 22.a3 Ne4
23.Rd1 c5 24.Nd2 Nxd2 25.Rxd2 b5 26.Qb1 g6 27.Rfd1 a4 28.Qd3 Qxd3 29.Rxd3 Rdb8
30.Kf2 b4 31.cxb4 cxb4 32.R1d2 bxa3 33.bxa3 Rb1 34.Rc2 Ra1 35.Rb2 Rc8 36.Kf3 Rc4
37.g4 Rcc1 38.g5 Kg7 39.Kg3 h6 40.gxh6+ Kxh6 41.h3 Rg1+ 42.Kh2 Rgc1 43.Kg3 Rg1+
44.Kh2 Rgf1 45.Rc3 g5 46.Rb4 Ra2+ 47.Kg3 Rg1+ 48.Kf3 Rh1 49.Kg3 Kh5 50.fxg5 Rg1+
51.Kf3 Rf1+ 52.Kg3 Kxg5 53.Rxa4 Rg1+ 54.Kf3 Kf5 55.Rg4 Rf1+ 56.Kg3 Kxe5 57.Kh4 Rfa1
58.Ra4 Rh1 59.Rg4 f5 60.Rg6 Rah2 61.Rg3 Ke4 62.Rb3 Rc2 63.Kg5 e5 64.a4 Ra1
65.h4 Rxa4 66.h5 Ra8 67.Rh3 Rg2+ 68.Kf6 Ra6+ 69.Kf7 Rh6 70.Rb4+ d4 71.exd4 exd4
72.Rb8 Rg4 73.Re8+ Kf4 74.Rd8 Ke5 75.Re8+ Kd6 76.Ra8 Ke5 77.Re8+ Kd6 78.Rd8+  1/2-1/2

[Event "Yerevan ol (Men)"]
[Site "Yerevan"]
[Date "1996.??.??"]
[Round "8"]
[White "Berend, Fred"]
[Black "Urday, Henry"]
[Result "0-1"]
[WhiteElo "2425"]
[BlackElo "2450"]

1.d4 Nf6 2.Bg5 c5 3.d5 Ne4 4.Bf4 Qb6 5.Nc3 Nxc3 6.bxc3 d6 7.e4 g6 8.Rb1 Qa5
9.Bb5+ Bd7 10.Bxd7+ Nxd7 11.Rxb7 Nb6 12.Qg4 Qxc3+ 13.Kd1 Qd4+ 14.Bd2 f5 15.Qe2 fxe4
16.f3 Bh6 17.Ke1 e3 18.Qb5+ Kf7 19.Bc1 Qxd5 20.Rc7 Qxa2 21.Qd3 Nd5 22.Rb7 Rhb8
23.Rb3 Nb4 24.Qc4+ d5  0-1

[Event "Yerevan ol (Women)"]
[Site "Yerevan"]
[Date "1996.??.??"]
[Round "9"]
[White "Danielian, Elina"]
[Black "Sakhatova, Elvira"]
[Result "1-0"]
[WhiteElo "2330"]
[BlackElo "2330"]

1.d4 Nf6 2.Bg5 g6 3.Bxf6 exf6 4.e3 Bg7 5.c4 d6 6.g3 O-O 7.Bg2 Nc6 8.Nc3 Bd7
9.Nge2 Qc8 10.O-O Bh3 11.Nd5 Bxg2 12.Kxg2 Re8 13.Nec3 Ne7 14.Nxe7+ Rxe7 15.Rc1 Re8
16.Qf3 f5 17.Rfd1 c6 18.h4 Qd7 19.b4 Rac8 20.a4 Qe7 21.Rb1 Qe6 22.c5 Qe7
23.Rdc1 Qd7 24.Rc2 a5 25.cxd6 axb4 26.Rxb4 Ra8 27.Rcb2 Ra7 28.Rb6 Re6 29.a5 Rxd6
30.Na4 Rd5 31.a6 bxa6 32.Rb8+ Bf8 33.Nb6 Qe6 34.Nxd5 cxd5 35.Rd8 Kg7 36.Rxd5 a5
37.Rb8 Be7 38.Re5 Qd7 39.Reb5 Bb4 40.h5  1-0

[Event "Yerevan ol (Women)"]
[Site "Yerevan"]
[Date "1996.??.??"]
[Round "10"]
[White "Gervais, Claire"]
[Black "Itaas, Susan"]
[Result "1-0"]
[WhiteElo "2225"]
[BlackElo "2040"]

1.d4 d5 2.Bg5 Nf6 3.e3 Nbd7 4.Nf3 e6 5.c4 c6 6.Nc3 Be7 7.Bd3 O-O 8.O-O b6
9.Rc1 Bb7 10.Qd2 h6 11.Bh4 Nh7 12.Bg3 f5 13.cxd5 exd5 14.Qc2 g6 15.Ne2 Ng5
16.Nf4 Nxf3+ 17.gxf3 Rf6 18.e4 g5 19.e5 gxf4 20.exf6 fxg3 21.fxe7 gxh2+ 22.Kxh2 Qxe7
23.Rg1+ Kh8 24.Bxf5 Qh4+ 25.Bh3 Qf4+ 26.Rg3 Nf6 27.Qf5 Qxd4 28.Qg6 Rg8 29.Qxh6+ Nh7
30.Rxg8+ Kxg8 31.Rg1+ Kh8 32.Bf5 Qe5+ 33.f4 Qf6 34.Qxh7+  1-0

[Event "Yerevan ol (Men)"]
[Site "Yerevan"]
[Date "1996.??.??"]
[Round "10"]
[White "Kosic, Dragan"]
[Black "Vakhidov, Tahir"]
[Result "0-1"]
[WhiteElo "2530"]
[BlackElo "2420"]

1.d4 Nf6 2.Bg5 d5 3.Bxf6 exf6 4.e3 c6 5.c4 dxc4 6.Bxc4 Bd6 7.Nc3 O-O 8.Nf3 f5
9.Qc2 Nd7 10.h4 Nf6 11.h5 Qa5 12.O-O-O Bd7 13.Kb1 Rae8 14.Nd2 Bb4 15.Nb3 Qc7
16.Ne2 Bd6 17.Bd3 g6 18.hxg6 fxg6 19.Nc3 Re7 20.Nd2 Be6 21.Bc4 Qd7 22.Qb3 b5
23.Bxe6+ Qxe6 24.d5 Nxd5 25.Nxd5 Qxd5 26.Qxd5+ cxd5 27.Nf3 Bc7 28.Rxd5 a6
29.g3 Rd8 30.Rc5 Rd6 31.Rhc1 Bb6 32.Rc8+ Kg7 33.a3 a5 34.Ka2 a4 35.Rb8 Kf6
36.Rc2 Red7 37.Rcc8 Re7 38.Rf8+ Ke6 39.Ng5+ Kd5 40.Rh8 h5 41.Rhg8 Rc7 42.Rgd8 Rc6
43.Re8 Rf6 44.f4 Kc4 45.e4 fxe4 46.Rxe4+ Kd3 47.Rb4 Rc4 48.Rxb5 Bf2 49.Rd8+ Rd4
50.Rc8 Rf5 51.Rc3+ Ke2 52.Rb6 Rd2 53.Re6+ Kf1 54.Nf3 Rd1 55.Rxg6 Rb5 56.Rc2 Rbd5
57.g4 h4 58.Rh6 Rd6 59.Rh5 R6d5 60.f5 R5d3 61.Nxh4 Re1 62.Ng6 Rdd1 63.Rh1+ Bg1
64.b4 Ra1+ 65.Kb2 Rab1+ 66.Kc3 Re4 67.Rb2 Rc1+ 68.Kd2 Ra1 69.Kd3 Rd4+ 70.Kc3 Rxa3+
71.Kc2 Rc4+ 72.Kb1 Re4 73.Nh4 Re1+ 74.Kc2 Rae3 75.f6 R3e2+ 76.Kc3  0-1

[Event "Yerevan op"]
[Site "Yerevan"]
[Date "1996.??.??"]
[Round "11"]
[White "Yegiazarian, Arsen"]
[Black "Al Modiahki, Mohamad"]
[Result "1-0"]
[WhiteElo "2455"]
[BlackElo "2425"]

1.d4 Nf6 2.Bg5 d5 3.Bxf6 exf6 4.e3 c6 5.c4 Be6 6.cxd5 cxd5 7.Nc3 Bd6 8.Be2 Nc6
9.Bf3 Ne7 10.Nge2 a6 11.O-O f5 12.Qb3 b6 13.Nf4 Bxf4 14.exf4 O-O 15.Na4 Rb8
16.Be2 Qd6 17.g3 Nc6 18.Qc3 Bd7 19.Qd2 Rfe8 20.Nc3 b5 21.Bf3 b4 22.Nd1 Qf6
23.Bxd5 Nxd4 24.Ne3 Be6 25.Rad1 Bxd5 26.Nxd5 Ne2+ 27.Kg2 Qc6 28.Rfe1 Rbd8
29.Rxe2 Re6 30.Kg1 Kh8 31.Re5 h6 32.Rxf5 Red6 33.Qd3 a5 34.g4 Qd7 35.g5 Qe6
36.Re5 Qg4+ 37.Kh1 h5 38.f3 Qd7 39.Qe4 Qb5 40.Kg2 Qd7 41.f5 Qc6 42.Rd2 Qc1
43.Qe2 Qc6 44.f4 g6 45.fxg6 fxg6 46.Qe4  1-0

[Event "Yerevan ol (Women)"]
[Site "Yerevan"]
[Date "1996.??.??"]
[Round "12"]
[White "Berntsen, Sheila Barth"]
[Black "Paasikangas, Johanna"]
[Result "0-1"]
[WhiteElo "2115"]
[BlackElo "2195"]

1.d4 Nf6 2.Bg5 c5 3.Bxf6 gxf6 4.e3 Qb6 5.b3 cxd4 6.exd4 d5 7.Nf3 Nc6 8.Be2 Rg8
9.Kf1 Bg4 10.Nc3 Rd8 11.Na4 Bxf3 12.Nxb6 Bxg2+ 13.Ke1 Bxh1 14.Kd2 Be4 15.Na4 Nxd4
16.Kc1 e5 17.Kb2 b5 18.Nc3 Bxc2 19.Qf1 a6 20.Nxb5 axb5 21.Bxb5+ Ke7 22.Ba4 Bh6
23.Qa6 Bf5 24.Qa7+ Kf8 25.Qb6 Ne6 26.Rd1 Rg2 27.Bc6 Kg7 28.a4 Rd6 29.Rxd5 Rxc6
30.Qxc6 Rxf2+ 31.Ka3 Be4 32.Qb6 Bc1+ 33.Kb4 Rf4 34.Rd6 Bf5+ 35.Ka5 Ba3 36.Rd1 Bc5
37.Qc6 Be4 38.Qe8 Bb4+ 39.Kb6 Nd4 40.a5 Nxb3 41.a6 Bc5+ 42.Kb5 Bg2 43.a7 Rb4+
44.Ka6 Rb6+  0-1

[Event "Zaragoza-B op"]
[Site "Zaragoza"]
[Date "1996.??.??"]
[Round "?"]
[White "Asensio Soto, Fermin"]
[Black "Baron Rodriguez, Jorge"]
[Result "0-1"]
[WhiteElo "2125"]
[BlackElo "2250"]

1.d4 Nf6 2.Bg5 g6 3.Bxf6 exf6 4.e3 Bg7 5.Ne2 d6 6.g3 f5 7.Bg2 O-O 8.O-O Nd7
9.c4 Nf6 10.Nbc3 Re8 11.Qc2 Rb8 12.b4 c6 13.a4 Be6 14.Qd3 Ne4 15.Nxe4 fxe4
16.Bxe4 Bxc4 17.Qxc4 Rxe4 18.Rab1 Qe7 19.Rfc1 h5 20.b5 c5 21.Nc3 Rg4 22.h3 Rg5
23.dxc5 Rxc5 24.Qe4 Qd7 25.Nd5 Re8 26.Qg2 Qf5 27.Rd1 Qc2 28.a5 Kh7 29.h4 Re4
30.Nf4 d5 31.Nh3 Bh6 32.Qf3 Re7 33.Qf6 Qe4 34.Rbc1 Rxc1 35.Rxc1 Qe6 36.Qd4 Qxh3
37.Qxa7  0-1

[Event "Weihnachts op"]
[Site "Zuerich"]
[Date "1996.??.??"]
[Round "6"]
[White "Weindl, Alfred"]
[Black "Paulsen, Dirk"]
[Result "1/2-1/2"]
[WhiteElo "2345"]
[BlackElo "2345"]

1.d4 Nf6 2.Bg5 c5 3.Bxf6 gxf6 4.d5 f5 5.e3 Qb6 6.Nd2 Qxb2 7.Rb1 Qf6 8.Bd3 Na6
9.Qf3 Nb4 10.Bxf5 e6 11.dxe6 fxe6 12.a3 Qxf5 13.Qxf5 exf5 14.axb4 cxb4 15.Ne2 Bc5
16.Nf4 a5 17.Nc4 O-O 18.Ra1 a4 19.O-O d6 20.Rfb1 Bd7 21.Nd5 Be6 22.Ncb6 Ra6
23.Nc7 Rxb6 24.Nxe6 Ra8 25.Nc7 Ra5 26.Nd5 Rc6 27.Kf1 Kf7 28.Ke1 Ke6 29.Nxb4 Bxb4+
30.Rxb4 b5 31.Kd2 Rc5 32.Kd3 Kd5 33.f3 Kc6 34.c4 Rxc4 35.Rxc4+ bxc4+ 36.Kxc4 Rc5+
37.Kb4 Rc2 38.Rxa4 Rxg2 39.Ra6+ Kd5 40.h4 Rh2 41.Ra5+ Ke6 42.Kc4 Rxh4+ 43.f4 Rh1
44.Ra8 Rc1+ 45.Kd3 h5 46.Rh8 Rh1 47.Rh6+ Ke7 48.Ke2 h4 49.Kf2 Rh3 50.Ke2 Rh2+
51.Kf3 d5 52.Rh5 Kf6 53.Rh6+ Kg7 54.Rh5 Kg6 55.Rg5+ Kf6 56.Rh5  1/2-1/2

[Event "RUS-Cup6"]
[Site "Krasnodar"]
[Date "1997.03.15"]
[Round "5"]
[White "Nadanian, Ashot"]
[Black "Beshukov, Sergei"]
[Result "1/2-1/2"]
[WhiteElo "2375"]
[BlackElo "2435"]

1.d4 d5 2.Bg5 Nf6 3.Bxf6 gxf6 4.e3 e6 5.c4 dxc4 6.Bxc4 f5 7.Nc3 Nd7 8.Nge2 Bd6
9.a3 a6 10.Ng3 Nf6 11.Nh5 Ng4 12.g3 Qg5 13.Nf4 h5 14.h3 Nf6 15.h4 Qg7 16.Be2 Ng4
17.Bf3 Rb8 18.Qe2 Bd7 19.Rc1 f6 20.Rd1 e5 21.Nd3 O-O 22.Nc5 Bc8 23.Bd5+ Kh8
24.Ne6 Bxe6 25.Bxe6 f4 26.gxf4 exf4 27.e4 c5 28.dxc5 Be5 29.Rd7 Qh6 30.Bf5 f3
31.Qd1 Bxc3+ 32.bxc3 Ne5 33.Rh7+ Qxh7 34.Bxh7 Rbd8 35.Qb1 Kxh7 36.O-O Rg8+
37.Kh2 Rg2+ 38.Kh1 Rg4 39.Kh2 Rxh4+ 40.Kg3 Rg4+ 41.Kh3 Rdg8 42.Qxb7+ R8g7
43.Qxa6 Ng6 44.Qxf6 Nf4+ 45.Kh2 R7g5 46.Qf7+ Kh6 47.Qf8+ Kh7 48.Qf7+ Kh6  1/2-1/2

[Event "Capablanca 32th Elite"]
[Site "Cienfuegos"]
[Date "1997.05.11"]
[Round "5"]
[White "Miles, Anthony J"]
[Black "Rodriguez, Amador"]
[Result "1/2-1/2"]
[WhiteElo "2550"]
[BlackElo "2555"]

1.d4 Nf6 2.Bg5 d5 3.e3 c5 4.Bxf6 gxf6 5.c3 e5 6.Nf3 Nc6 7.a3 Be6 8.Be2 Bd6
9.Nbd2 O-O 10.O-O Kh8 11.b4 cxd4 12.cxd4 Rg8 13.Kh1 e4 14.Ne1 f5 15.f4 a5
16.b5 Ne7 17.Ra2 Rc8 18.Nb1 b6 19.Rf2 Rc7 20.Bf1 Qd7 21.Rfc2 Rgc8 22.Rxc7 Qxc7
23.Rc2 Qd8 24.Qc1 Rxc2 25.Qxc2 Qc7 26.Kg1 Qxc2 27.Nxc2 Kg7 28.Kf2 Bc7 29.Ke1 Ng8
30.Be2 Nf6 31.Nc3 Bd8 32.h3 h5 33.Kd2 Kg6 34.Na4 Nd7 35.Bd1 Bc7 36.Nc3 Nf6
37.Nb1 Bd6 38.Be2 Be7 39.Na1 Nd7 40.Nb3 Bd6 41.Nc1 Be7 42.Na2 Nf6 43.Nac3 Bd8
44.Bd1 Kg7 45.Bb3 Kf8 46.Kc1  1/2-1/2

[Event "Linz"]
[Site "Linz"]
[Date "1997.05.25"]
[Round "9"]
[White "Bacrot, Etienne"]
[Black "Almasi, Zoltan"]
[Result "1/2-1/2"]
[WhiteElo "2500"]
[BlackElo "2595"]

1.d4 Nf6 2.Bg5 d5 3.e3 c5 4.dxc5 Ne4 5.Bh4 Nc6 6.Nf3 g6 7.Be2 Bg7 8.c3 Nxc5
9.Nbd2 O-O 10.O-O Qb6 11.Nb3 Na4 12.Qxd5 Nxb2 13.Nfd4 e5 14.Nxc6 bxc6 15.Qd6 Na4
16.Rac1 e4 17.Bc4 Nb2 18.Be2 Na4 19.Bc4 Nb2  1/2-1/2

[Event "Leon"]
[Site "Leon"]
[Date "1997.06.07"]
[Round "3"]
[White "Mellado Trivino, Juan"]
[Black "De la Villa Garcia, Jesus Maria"]
[Result "1/2-1/2"]
[WhiteElo "2430"]
[BlackElo "2495"]

1.d4 Nf6 2.Bg5 d5 3.e3 c6 4.Bd3 Bg4 5.f3 Bh5 6.Nc3 Nbd7 7.Qd2 e5 8.Nge2 Bb4
9.O-O O-O 10.Ng3 exd4 11.exd4 Bg6 12.f4 Bxd3 13.Qxd3 Bxc3 14.Qxc3 h6  1/2-1/2